000 00586nam a2200181 i 4500
001 33961
003 ES-MaACL
005 20230906154842.0
007 t|
008 030203s1967 sp ||||1| spa d
100 1 _aBodechtel, G.
_929692
245 1 0 _aDiagnóstico diferencial de las enfermedades neurológicas /
_cpor G. Bodechtel ; traducida bajo la dirección de J. Díaz Vázquez.
250 _a1ª ed.
260 _aMadrid :
_bPaz Montalvo,
_c1967.
300 _aXXXII, 1335 p. :
_bil. ;
_c25 cm.
700 1 _aDíaz Vázquez, J.
_944450
852 _aES-MaACL
_jC-32962
_bR.63633
999 _c33961
_d33961